000 00622nam a2200229Ia 4500
003 OSt
005 20220928141239.0
006 a|||||r|||| 00| 0
007 ta
008 220927b |||||||| |||| 00| 0 eng d
024 _a14177
037 _cTextual
040 _aSDCL
_cSDCL
_beng
041 _2eng
_aeng
082 _aO-972,3N:g, N8
100 _aNair N Ramachandran
_9499461
245 0 _aCanadian studies
_b New perspectives.
260 _c1998
700 _a Snehaprabha M
_9499462
942 _hO-972,3N:g, N8
_cTEXL
_2CC
999 _c816586
_d816586